000 00905nam a2200193 i 4500
001 152194
003 ES-MaACL
005 20230906204555.0
008 931025s1893 pr |||| | spa d
100 1 _aBlanco, Julian E.
_929191
245 1 3 _aEl proyecto de ley sobre reforma del gobierno y administración civil en Cuba y Puerto-Rico :
_bcarta del director político, presidente de la delegación del Partido Autonomista Puerto-riqueño, al leader del mismo partido en la metrópoli.
260 _aPuerto Rico :
_b[s.n.],
_c1893 (
_fA. Córdova)
300 _a21 p. ;
_c23 cm.
530 _aDisponible en formato digital.
651 4 _aCuba-
_xAdministración.
_9148085
651 4 _aPuerto Rico-
_xAdministración.
_9157188
852 _aES-MaACL
_jT-695-F-5
_z-- Enc. hol.
_z-- Enc. en un vol. facticio
856 _uhttp://bdh-rd.bne.es/viewer.vm?id=0000114884&page=1
_zBiblioteca Digital Hispánica
999 _c152194
_d152194